Normal view MARC view
  • Heinz Weihrich

Entry Personal Name

Number of records used in: 1

001 - CONTROL NUMBER

  • control field: 122918

003 - CONTROL NUMBER IDENTIFIER

  • control field: NUST

005 - DATE AND TIME OF LATEST TRANSACTION

  • control field: 20240525171022.0

008 - FIXED-LENGTH DATA ELEMENTS

  • fixed length control field: 240525|| aca||aabn | a|a d

040 ## - CATALOGING SOURCE

  • Original cataloging agency: NUST
  • Transcribing agency: NUST

100 ## - HEADING--PERSONAL NAME

  • Personal name: Heinz Weihrich

670 ## - SOURCE DATA FOUND

  • Source citation: Work cat.: (NUST)350510: Heinz Weihrich, Management , 2014
© 2023 Central Library, National University of Sciences and Technology. All Rights Reserved.